000 00543nam a2200205Ia 4500
008 131103s9999 xx 000 0 und d
020 _a600342824
040 _aLoreto College
041 _aEnglish
082 _a704.947/HIN
_bLCLIB/39325
100 _aHinnells, John R.
245 _aPersian mythology
_cJohn R. Hinnells
260 _aLondon
_bHamlyn
_c1988
300 _a143p.
_b colour plates
_c 28 cm.
504 _aIncludes index
650 _aMythology
651 _aPersianMythology
850 _aLCLIB/704.947/HIN
942 _cBK
999 _c23734
_d74213